| 000 | 00398nam a22001571a 4500 | ||
|---|---|---|---|
| 020 | _a9788185504445 | ||
| 082 |
_aH 294.5921 _bLAL/V |
||
| 100 | _aLalthaprasad Dwivedi | ||
| 245 |
_aVaidik vangmay mem chathurmasya yanj/ _cby Lalthaprasad Dwivedi |
||
| 260 |
_aDelhi: _bPenman, _c2004. |
||
| 300 | _a192p. | ||
| 650 | _aVedic Literature | ||
| 650 | _aHinduism | ||
| 650 | _aReligion | ||
| 942 | _cBK | ||
| 999 |
_c48748 _d48748 |
||